000
00269nam a2200109Ia 4500
001
589062
005
20250717120842.0
008
250717s9999 xx 000 0 und d
245
0
_a
X-1 DAĞINIK ÇOCUK
_c
AYTÜL AKAL
260
_b
UÇANBALIK YAYINLARI
_c
2018
300
_b
16
999
_c
589062
_d
589062